000 00509nam a22001697a 4500
005 20251108173657.0
008 250721s2002 xx 000 0 ara d
082 1 4 _a641.1/بره
100 1 _aبرهام، زغلول صديق
245 1 0 _aالقيمة الغذائية و الطبية للنباتات /
264 1 _aالمنصورة :
_bام القرى،
_c2002.
300 _a291ص.
650 1 7 _aالنباتات
650 1 7 _aالقيمة الغذائية
942 _2ddc
_cBK
999 _c109732
_d109732